[Event "AZE-ch Women 2019"]
[Site "Baku"]
[Date "2019.02.12"]
[Round "9.1"]
[White "Ismayil, Malak"]
[Black "Mammadzada, Gunay"]
[Result "0-1"]
[WhiteElo "1905"]
[BlackElo "2422"]
[Annotator "TA"]
[PlyCount "150"]
[EventDate "2019.02.04"]
[EventType "swiss"]
[EventCountry "AZE"]
[SourceTitle "playchess.com"]
[Source "ChessBase"]
[SourceQuality "1"]

{[%evp 9,150,19,22,10,12,12,22,14,25,12,12,12,12,11,6,6,9,13,16,7,9,11,17,-25,-23,-35,-27,-28,-14,-14,-14,-29,11,0,16,-28,-43,-47,-38,-45,-45,-62,-64,-68,-56,-60,-46,-83,-91,-112,-112,-113,-105,-294,-257,-327,-333,-322,-314,-331,-33,-38,-36,-29,-35,-36,0,-40,-26,-46,0,-105,-93,-106,-103,-197,-207,-187,-200,-197,-162,-162,-162,-145,-148,-137,-118,-87,-68,-69,-69,-81,-82,-83,-35,-40,-40,-40,-39,-230,-191,-537,-491,-559,-289,-289,-289,-289,-166,-196,-151,-172,-64,-5575,-4594,-29963,-29966,-29963,-29963,-29964,-29968,-29967,-29968,-29966,-29969,-29969,-29969,-29979,-29980,-29981,-29980,-29987,-29988,-29988,-29984,-29990,-29991,-29991,-29988,-29988,-29989,-29989,-29990]} 1. e4 c5 2. Nf3 d6 3. Bb5+ Nd7 4. O-O a6 5. Bd3 Ngf6 6. c3 {B51: Sicilian: Moscow Variation (3 Bb5+) without 3...Bd7} e6 7. Bc2 b5 8. d4 {The position is equal.} Bb7 9. Nbd2 Qc7 10. Re1 Be7 11. Nf1 O-O 12. h3 $146 ({Predecessor:} 12. Ng3 Rfe8 {0-1 (63) Hou,Y (2629)-Vachier Lagrave,M (2766) Biel 2014}) 12... Rac8 13. Bd3 Rfe8 14. Ng3 Bf8 15. Bg5 h6 16. Bxf6 (16. Bc1 {feels hotter.} Nb6 17. Qe2 Nfd7 18. Bd2 Nf6 19. Rab1) 16... Nxf6 17. Qe2 c4 18. Bc2 e5 19. d5 g6 20. a4 Qb6 21. Nd2 h5 22. Qe3 Qxe3 23. fxe3 Rb8 24. axb5 axb5 25. Ra7 Be7 26. Rea1 Bd8 {Strongly threatening ...Bb6.} 27. Kf2 Bb6 28. R7a2 Nd7 {[%cal Bf6d7,Bd7c5,Bc5d3][%mdl 32]} 29. Ke2 Nc5 30. Kf2 h4 31. Ne2 $2 {[#]} (31. Nh1 $17) 31... f5 $1 $19 {[%mdl 512]} 32. Ke1 (32. exf5 Rf8) 32... Nd3+ 33. Bxd3 cxd3 34. Nc1 Bxe3 $2 (34... fxe4 $19 35. Nxe4 Rf8 36. Nxd3 Bxd5 {[%mdl 64] Double Attack}) 35. Nxd3 $15 Rf8 36. Ke2 Bb6 37. Nb4 Rbc8 38. Rf1 (38. Nc6 $5) 38... Bc5 $36 {[%mdl 2048] Black has the initiative.} 39. Raa1 Kh8 (39... fxe4 {keeps more tension.} 40. Nc6 Bxc6 41. dxc6 d5 42. Rxf8+ Kxf8 43. Ra5 Rxc6 44. Rxb5 Kf7) 40. Kd3 (40. Ra5 $11) 40... Bxb4 (40... Kg7 {is more complex.} 41. Ke2 fxe4 42. Ra5 Rxf1 43. Nxf1 Bxb4 44. Ra7 Rc7) 41. cxb4 fxe4+ 42. Nxe4 (42. Kxe4 $17 {was worth a try.} Rxf1 43. Rxf1) 42... Rxf1 $19 43. Rxf1 Bxd5 {Threatens to win with ...Bc4+.} 44. Rf6 Bxe4+ 45. Kxe4 {[%mdl 4096] Endgame KR-KR} Rc4+ 46. Kd5 Rd4+ ({But not} 46... Rxb4 $6 47. Rxg6 Rxb2 48. Kxd6 $11) 47. Kc6 Kg7 ({Don't do} 47... Rxb4 48. Kxd6 Kg7 49. Rf2 $15) 48. Rf2 Rxb4 49. Kxd6 e4 50. Kc5 $1 {[%cal Rc5b4]} e3 51. Re2 Rb3 52. Kd4 Kf6 53. Ke4 $1 g5 54. Rxe3 $2 ({White should play} 54. Rc2 $15) 54... Rxb2 55. Kf3 $2 (55. g3) 55... b4 56. Rd3 b3 57. Rd5 Rc2 58. Rb5 b2 (58... Rc3+ $142 59. Ke4 Rg3 60. Rf5+ Kg6) 59. g4 Ke6 60. Ke4 Kd6 (60... Kd7 $19 {...Kc6 is the strong threat.} 61. Rb3 Kc6) 61. Rb3 $2 {[%mdl 8192]} (61. Kd3 $15 Rh2 62. Ke4) 61... Kc5 62. Kf5 Kc4 {Black mates.} 63. Rb8 {[#]} Kc3 $1 64. Kxg5 Rc1 65. Kxh4 b1=Q 66. Rxb1 Rxb1 {KR-KPP} 67. Kg5 Kd4 68. Kf6 Ke4 ({Inferior is} 68... Rh1 69. g5 $11) 69. Kg6 Rb6+ 70. Kh5 Kf4 71. h4 Rb8 72. g5 Kf5 {[%cal Rb8h8]} 73. Kh6 Rh8+ 74. Kg7 Rxh4 75. g6 Rg4 {Accuracy: White = 45%, Black = 62%.} 0-1

[Event "AZE-ch Women 2019"]
[Site "Baku"]
[Date "2019.02.12"]
[Round "9.2"]
[White "Abdulla, Khayala"]
[Black "Balajayeva, Khanim"]
[Result "1-0"]
[WhiteElo "2243"]
[BlackElo "2397"]
[Annotator "TA"]
[PlyCount "117"]
[EventDate "2019.02.04"]
[EventType "swiss"]
[EventCountry "AZE"]
[SourceTitle "playchess.com"]
[Source "ChessBase"]
[SourceQuality "1"]

{[%evp 18,117,25,27,44,29,52,42,54,40,41,50,42,41,62,56,58,34,35,37,43,43,54,26,35,16,41,7,9,9,43,45,52,34,86,79,103,100,101,97,88,95,111,102,113,118,135,128,183,81,82,82,82,67,67,59,56,57,60,63,68,39,52,62,75,47,59,59,58,44,43,44,50,43,66,66,66,66,584,598,579,477,1178,1144,5601,5077,29960,29959,29959,29961,29970,29966,29973,29972,29975,29976,29977,29978,29978,29979,29978,29975]} 1. e4 e5 2. Nf3 Nc6 3. d4 exd4 4. Nxd4 Nf6 5. Nxc6 bxc6 6. Qe2 {C45: Scotch Game} (6. e5 Qe7 7. Qe2 Nd5 8. Nd2 Rb8 9. c4 Nb4 10. Nf3 c5 11. g3 Qe6 12. Bg2 Be7 13. O-O O-O 14. b3 Bb7 15. Bb2 d5 16. cxd5 Bxd5 {1-0 (62) So,W (2780)-Vidit,S (2718) chess.com INT 2018}) 6... Bb4+ 7. c3 Be7 8. e5 Nd5 9. c4 Bb4+ 10. Bd2 {LiveBook: 4 Games} Bxd2+ 11. Qxd2 Ne7 12. Bd3 d6 13. exd6 cxd6 14. O-O O-O 15. Nc3 d5 16. cxd5 Nxd5 17. Be4 {[%cal Rc3d5]} Be6 18. Rfd1 $146 {[%cal Rc3d5]} Qf6 19. Bxd5 Bxd5 20. b3 Rad8 {[#] Strongly threatening ...Bxg2!} 21. Qe3 a6 22. Rac1 Rfe8 23. Qc5 {[%cal Rc3d5]} Qe6 24. h3 h6 25. Qb6 Ra8 (25... Rd6 $14) 26. Rd2 $16 Qe5 {Hoping for ...Bxg2!} 27. Nxd5 cxd5 28. Rcd1 Qe6 29. Qa5 Rac8 30. Rxd5 Rc2 31. Rd8 Rc8 32. R8d6 Qe4 (32... Qe2 $16 33. Rd7 (33. Qxa6 Rc2 $14) 33... Qe4) 33. Qxa6 (33. Rxa6 $18 {is more deadly.} Qc2 34. Qd5) 33... Ra8 34. Qb5 Rxa2 35. Rd8 Rxd8 36. Rxd8+ $14 {[%mdl 4096] Endgame KQR-KQR} Kh7 37. Qd3 Qxd3 38. Rxd3 {KR-KR} Rb2 39. g4 Kg6 40. Kg2 f5 41. Kg3 fxg4 42. hxg4 h5 $1 43. f3 hxg4 44. Kxg4 Kf6 45. Kf4 g5+ 46. Ke4 Ke6 47. Kd4 Kf5 $2 {[%mdl 8192]} (47... Rc2 $14) 48. Kc3 $18 Rb1 {[#]} 49. Kc2 $1 {[%cal Rc2b1]} Rg1 (49... Rh1 $142 50. b4 Rh8) 50. b4 {[%cal Bb3b4,Bb4b5,Bb5b6,Bb6b7][%mdl 32]} g4 51. fxg4+ Rxg4 52. Kb3 {White mates.} Rg8 53. b5 Rg4 54. Re3 Kf6 55. Ka3 Rd4 56. b6 Rd6 57. Rb3 Rd8 58. b7 Rb8 59. Ka4 {Precision: White = 72%, Black = 44%.} 1-0

[Event "AZE-ch Women 2019"]
[Site "Baku"]
[Date "2019.02.12"]
[Round "9.3"]
[White "Beydullayeva, Govhar"]
[Black "Hajiyeva, Laman"]
[Result "1/2-1/2"]
[WhiteElo "2239"]
[BlackElo "2040"]
[Annotator "TA"]
[PlyCount "76"]
[EventDate "2019.02.04"]
[EventType "swiss"]
[EventCountry "AZE"]
[SourceTitle "playchess.com"]
[Source "ChessBase"]
[SourceQuality "1"]

{[%evp 23,76,31,33,35,31,36,42,43,54,22,75,34,118,92,91,91,104,75,77,68,112,110,118,103,97,89,103,81,151,100,85,48,87,76,75,75,84,28,14,1,6,6,4,4,29,32,31,14,15,17,18,8,10,0,21]} 1. Nf3 d5 2. g3 Nf6 3. Bg2 Bf5 4. c4 c6 5. O-O e6 6. cxd5 exd5 7. d3 Be7 8. Qb3 {A11: English Opening: 1...c6} (8. Qc2 O-O 9. Nc3 Na6 10. a3 d4 11. Nb1 c5 12. Bg5 h6 13. Bxf6 Bxf6 14. Nbd2 Rc8 15. Rfe1 Qd7 {½-½ (68) Duda,J (2717)-Naiditsch,A (2705) Riadh 2017}) 8... Qb6 9. Qc2 O-O 10. Nc3 h6 11. e4 Bh7 12. Be3 Qa6 {LiveBook: 29 Games} 13. Rfd1 Nbd7 14. exd5 cxd5 15. Qb3 Rad8 16. Ne1 $146 Nb6 (16... Nc5 $11 {remains equal.} 17. Bxc5 Bxc5) 17. Bd4 Rd7 (17... Nbd7 $14) 18. Rac1 Bf5 19. Nb5 Nc8 {[%cal Bb6c8,Bc8d6,Bd6f5][%mdl 32]} 20. Nf3 Nd6 21. a4 Bg4 22. Re1 {[#] Strongly threatening Ne5.} ({But not} 22. Nxa7 $6 Ra8 $14) 22... Bxf3 23. Bxf3 Nf5 24. Be5 ({Don't play} 24. Bxa7 $6 b6 $11) 24... Bd8 25. Bg2 Ba5 {[#]} (25... Ng4 $142) 26. Bc3 ({White should try} 26. Bh3 $1 {[%cal Rh3f5]} g6 27. Bxf5 gxf5 28. Red1) 26... Bxc3 27. Rxc3 Re7 28. Rxe7 Nxe7 29. Nd4 Re8 30. Qb5 (30. Bh3 $16) 30... Qxb5 $1 $11 31. axb5 {Black should prevent Rc7.} Rc8 32. Kf1 Rxc3 33. bxc3 {[%mdl 4096] Endgame KBN-KNN} Nd7 34. Ke2 Nc5 35. Kd2 Kf8 {The position is equal.} 36. Nc2 Ne6 37. Ke3 Nf5+ 38. Kd2 Ne7 {Precision: White = 66%, Black = 56%.} 1/2-1/2

[Event "AZE-ch Women 2019"]
[Site "Baku"]
[Date "2019.02.12"]
[Round "9.4"]
[White "Soyunlu, Narmin"]
[Black "Mamedjarova, Turkan"]
[Result "1-0"]
[WhiteElo "2029"]
[BlackElo "2267"]
[Annotator "TA"]
[PlyCount "65"]
[EventDate "2019.02.04"]
[EventType "swiss"]
[EventCountry "AZE"]
[SourceTitle "playchess.com"]
[Source "ChessBase"]
[SourceQuality "1"]

{[%evp 23,65,34,30,25,33,29,36,16,44,36,58,29,23,22,34,4,31,19,77,55,84,93,119,109,146,118,137,141,160,171,215,193,272,245,287,269,593,562,673,694,779,779,1002,975]} 1. d4 d5 2. c4 e6 3. cxd5 exd5 4. Nc3 Nf6 5. Bg5 Be7 6. e3 c6 7. Bd3 Nbd7 8. Qc2 O-O 9. Nge2 Re8 10. O-O Nf8 11. f3 Be6 12. Rad1 Rc8 13. Kh1 {D36: Queen's Gambit Declined: Exchange Variation: Main line (5 Bg5 c6 6 Qc2)} N6d7 (13... a6 14. a3 b5 15. Nf4 h6 16. Bh4 N6d7 17. Bxe7 Rxe7 18. Qf2 Nb6 19. Nce2 Nc4 20. Ng3 g6 {1-0 (33) Rodshtein,M (2687)-Dervishi,E (2564) Baku 2016}) 14. Bxe7 Qxe7 15. Rfe1 $146 {White is slightly better.} ({Predecessor:} 15. Qd2 f6 16. Ng3 Rcd8 17. Rfe1 Nb6 18. Qf2 Qc7 19. a3 Rd7 20. Nce2 Nc8 {0-1 (44) Diermair,A (2428)-Zilka,S (2532) Meissen 2013}) 15... b5 16. Nf4 Qf6 17. Nh5 Qh6 18. Ng3 a5 19. e4 {next exd5 is good for White.} Nb6 (19... b4 $5 {[%cal Rb4c3]} 20. Na4 Qf4 $14) 20. e5 Red8 (20... f6 $11 {remains equal.}) 21. Qf2 $16 b4 22. Nce2 Na4 23. Rb1 Rc7 24. b3 Nb6 25. f4 Bg4 26. Rbc1 Nbd7 27. f5 Bxe2 (27... Rdc8 {was worth a try.} 28. Kg1 Qd2) 28. Nxe2 $18 ({Not} 28. Qxe2 Rdc8 $16) 28... c5 29. Nf4 {e6 is the strong threat.} Kh8 $2 (29... c4 {is more resistant.} 30. e6 (30. Nxd5 Nxe5 31. dxe5 Rxd5 $18) 30... Nb6) 30. e6 {White is clearly winning.} fxe6 31. fxe6 Nf6 32. e7 {[%mdl 64] [#] Double Attack} Ng4 33. Qg3 {Accuracy: White = 63%, Black =  4%.} 1-0

[Event "AZE-ch Women 2019"]
[Site "Baku"]
[Date "2019.02.12"]
[Round "9.5"]
[White "Mamedjarova, Zeinab"]
[Black "Heydarova, Aytaj"]
[Result "1/2-1/2"]
[WhiteElo "2307"]
[BlackElo "1747"]
[Annotator "TA"]
[PlyCount "128"]
[EventDate "2019.02.04"]
[EventType "swiss"]
[EventCountry "AZE"]
[SourceTitle "playchess.com"]
[Source "ChessBase"]
[SourceQuality "1"]

{[%evp 13,128,35,31,35,39,16,12,16,8,-67,-70,-249,-248,-269,-273,-263,-208,-191,-206,-249,-244,-244,-238,-250,-245,-371,-236,-232,-208,-251,-250,-429,-429,-414,-210,-207,-203,-225,-224,-251,-249,-231,-241,-302,-277,-322,-288,-417,-312,-283,-239,-222,-213,-219,-96,-123,-50,-46,-49,-47,-45,-47,-44,-43,-45,-45,-44,-47,-38,-38,-45,-85,-96,-110,0,-63,-70,-95,-109,-185,0,-29,0,-191,-184,-325,-320,-308,-303,-306,-290,-313,-302,-311,-311,-360,-316,-352,-346,-352,-334,-553,-535,-1974,-1368,-654,-296,-803,-644,-546,-8,-8,-8,-8,-8,-8,-8]} 1. d4 Nf6 2. Nf3 d5 3. e3 c5 4. Be2 cxd4 5. exd4 g6 6. O-O Bg7 7. c3 {B06: Modern Defence} O-O {LiveBook: 10 Games} 8. Re1 (8. Bf4 Nc6 9. Nbd2 Bf5 10. a4 a6 11. h3 Ne4 12. Re1 Rc8 13. Bf1 Qb6 14. Qb3 Qxb3 15. Nxb3 h6 16. Bh2 g5 17. a5 {0-1 (58) Shimanov,A (2549)-Nepomniachtchi,I (2730) Warsaw 2011}) 8... Nc6 9. Ne5 $146 {White is slightly better.} ({Predecessor:} 9. Bf4 Ne4 10. Nbd2 Nd6 11. Bf1 f6 12. h3 Nf7 13. Bg3 e6 14. Nb3 {1-0 (34) Islam,K (2371)-Reefat,B (2472) Dhaka 2007}) 9... Nxe5 10. dxe5 Ne4 11. Bf1 (11. f3 $11 Nc5 12. Be3) 11... Bxe5 $15 12. f3 $2 (12. Nd2 $15) 12... Qb6+ $19 13. Be3 Qxb2 14. Qxd5 Nxc3 (14... Qxa1 15. Qxe5 Nf6 16. Qxe7 $16) 15. Nxc3 Bxc3 16. Rab1 Be6 17. Qc5 b6 $1 {[%cal Rb6c5]} 18. Qxe7 Qxa2 19. Red1 (19. Rec1 $142) 19... Bf5 20. Rbc1 Bg7 21. Bc4 Qa4 22. Qb7 $2 (22. Qd6) 22... Rae8 23. Bf2 Bc8 (23... Bh6 $142 24. Qa6 Qxa6 25. Bxa6 Bxc1 26. Rxc1 Re5) 24. Qd5 {intending Bb5.} Be6 25. Bb5 Qa3 ({Resist} 25... Bxd5 26. Bxa4 Re5 27. Bg3 $15) 26. Qg5 Rc8 27. Rxc8 Rxc8 28. h4 h6 29. Qf4 Qb3 30. Be2 (30. Qa4 {was necessary.}) 30... Qb2 31. Bf1 Qe5 32. Qa4 Qc7 33. h5 Qc2 (33... gxh5 $19 {has better winning chances.} 34. Qh4 Rf8 35. Qxh5 Rd8) 34. Rd8+ Kh7 (34... Bf8 $1 $17 35. Qxc2 Rxc2 36. hxg6 fxg6) 35. hxg6+ fxg6 36. Qxc2 Rxc2 37. Re8 $1 {[%cal Re8e6]} Bc4 38. Re7 Kg8 39. Bxc4+ Rxc4 40. Rxa7 $15 {[%mdl 4096] Endgame KRB-KRB} b5 41. Rb7 b4 42. Rb8+ Kf7 43. Rb7+ Kg8 44. Rb8+ Bf8 $1 45. Be3 {aiming for Bxh6.} Kf7 46. Rb7+ {[#]} (46. Bd2 $17 {keeps fighting.}) 46... Kg8 $2 ({Better is} 46... Ke6 $1 $19 47. Rb5 h5) 47. Rb8 $11 {Strongly threatening Bxh6.} Kf7 $2 (47... g5 $11) 48. Rb7+ $19 {[#]} Ke6 $1 49. Rb6+ (49. Kf1 $142) 49... Kd5 {Threatens to win with ...Bc5.} 50. Rb5+ Kc6 51. Rb6+ Kc7 52. Rb5 g5 53. Kf1 Bd6 54. Ke1 Rc2 55. g4 Kc6 56. Rb6+ Kd5 57. Bd2 $2 (57. Kd1 Rh2 58. Ke1) 57... Bc5 58. Rxh6 b3 {( -> ...b2)} 59. Kd1 Rc4 (59... Bd4 $142 {And now ...Ra2 would win.} 60. Rh7 Ra2 61. Rd7+ Kc4 62. Bxg5 Ra1+ 63. Ke2 Ra2+ 64. Kd1 Ra1+ 65. Kd2 Bc3+ 66. Ke3 b2 67. Rc7+ Kd5) 60. Ke2 $2 (60. Bc1) 60... b2 61. Rh1 Ba3 $2 (61... Bb4 $19 {White must now prevent ...Rc2.} 62. Be3 Rc2+ 63. Kd3 Rc3+ 64. Ke2 Rc2+ 65. Kd3 Rc3+ 66. Ke2 Kc4) 62. Bxg5 $11 {The position is equal.} Rc1 {[#]} 63. Rxc1 $1 {[%mdl 512]} bxc1=Q 64. Bxc1 Bxc1 {Precision: White = 42%, Black = 51%.} 1/2-1/2

[Event "AZE-ch Women 2019"]
[Site "Baku"]
[Date "2019.02.12"]
[Round "9.6"]
[White "Mammadova, Gulnar"]
[Black "Gasimova, Samra"]
[Result "1-0"]
[WhiteElo "2368"]
[BlackElo "1693"]
[Annotator "TA"]
[PlyCount "107"]
[EventDate "2019.02.04"]
[EventType "swiss"]
[EventCountry "AZE"]
[SourceTitle "playchess.com"]
[Source "ChessBase"]
[SourceQuality "1"]

{[%evp 25,107,22,31,25,51,39,114,117,114,147,222,47,104,119,129,111,119,90,173,162,280,172,132,9,20,0,0,16,82,91,433,0,0,0,1568,1504,1284,97,106,104,102,111,97,0,315,258,305,291,287,287,256,169,174,108,187,172,184,171,188,161,169,177,181,177,248,245,222,225,379,370,560,557,636,664,914,641,804,793,29947,7054,29976,29977,29989,1048]} 1. e4 e6 2. Qe2 c5 3. g3 Nc6 4. Bg2 g6 5. c3 Bg7 6. Nf3 Nge7 7. d3 O-O 8. h4 h5 9. Nbd2 d5 10. O-O b6 11. e5 Qc7 12. Re1 Ba6 13. Nf1 Nf5 14. N1h2 {A08: King's Indian Attack} (14. Bf4 b5 15. Qd2 b4 16. Ne3 bxc3 17. bxc3 Nxe3 18. Qxe3 Qa5 19. Rec1 Rab8 20. g4 hxg4 21. Nh2 d4 {1-0 (40) Fuchs,J (2304)-Dudas,E (2227) Ruzomberok 2014}) 14... d4 15. c4 $1 Bb7 $146 ({Better is} 15... Nh6 $14) ({Predecessor:} 15... b5 16. b3 bxc4 17. bxc4 Rab8 18. g4 Nh6 19. gxh5 Ne7 20. Ng5 Bb7 21. Be4 Bxe4 22. Qxe4 {0-1 (49) Huynh Mai Phuong,D-Ngo Kim,C Ho Chi Minh City 2001}) 16. g4 $1 $16 {White is better.} hxg4 17. Nxg4 Kh7 (17... Kh8 $16) 18. Bg5 $2 (18. Ng5+ $1 $18 Kg8 19. h5 $1 {[%mdl 512]}) 18... Nce7 ({Black should play} 18... Rh8 $14) 19. Nf6+ Bxf6 20. exf6 Nc6 {[#]} 21. h5 $1 {[%mdl 512]} Rg8 (21... Rh8 $16 {was necessary.}) (21... gxh5 22. Nh4) 22. Nd2 $1 $18 Nb4 (22... Rh8 $142) 23. Ne4 Rh8 24. Qf3 (24. a3 $16 Nc6 25. hxg6+ Kg8 26. f4 fxg6 27. f7+ $1 {[%mdl 512]} Qxf7 28. Nf6+ {[%mdl 64] Discovered Attack} Kg7 29. Ng4 (29. Qxe6 Qxe6 30. Rxe6 Nd8 $11)) 24... Kg8 $11 25. Bf4 e5 $36 {[%mdl 2048] Black has good play.} 26. hxg6 $1 exf4 (26... fxg6 $11 27. Bg3 Nc2) 27. Qg4 $1 $16 f3 $4 {[%mdl 8192]} (27... Nxd3 $16 28. gxf7+ Kf8 29. Qxf5 Qxf7) 28. gxf7+ $2 ({White has to play} 28. Bh3 $1 $18) 28... Kf8 $1 $11 29. Bh3 $1 {aiming for Ng5.} Bxe4 $4 {[%mdl 8192]} ({Of course not} 29... Nxd3 $6 30. Ng5 $18) (29... Qxf7 $11 30. Qxf5 (30. Ng5 Qg6 $11) 30... Bc8) 30. Qxe4 $18 {Intending Qe8+ and mate.} Kxf7 31. Qe6+ $2 (31. Qxf5 $18 {and the rest is easy.} Nc6 32. Re7+ $1 {[%mdl 512]} Nxe7 33. fxe7+ Kg7 34. Qg5+ Kf7 35. Qf5+ {[%mdl 64] Double Attack} Kg7 36. Qg4+ Kh6 37. Qe6+ (37. Re1 $2 Rag8 $19) 37... Kg5 38. Kh1 Rxh3+ 39. Qxh3) 31... Kf8 $16 32. Qxf5 Qh7 33. Qxf3 Rd8 34. Kh2 (34. Qe2 $1 $16 {[%cal Re2e7] Qe7+ is the strong threat.} Qg6+ 35. Bg2) 34... Qc7+ $2 {[%mdl 8192]} (34... Qxd3 $11 {and Black has nothing to worry.} 35. Qg4 Rxh3+ 36. Qxh3 Qxh3+ 37. Kxh3 Nc2 {[%mdl 64] Double Attack}) 35. Kg2 $1 $18 Qc6 36. Qxc6 Nxc6 37. Re6 $1 {[%cal Re6c6]} Nb4 38. Rd1 Kf7 {[#]} 39. Re4 (39. Bg4 $1 $18) 39... Rdg8+ (39... Rde8 $16 {is a better defense.}) 40. Bg4 Kxf6 41. Kg3 Re8 42. a3 Nc6 43. f4 Re7 44. Rde1 Rhe8 {[#]} (44... Rxe4 $142 45. Rxe4 Kg7) 45. Kf3 $1 {Strongly threatening Bd7!} Rxe4 46. dxe4 {[%mdl 4096] Endgame Black must now prevent Bd7. KRB-KRN} ({Much less strong is} 46. Rxe4 $6 Rxe4 47. dxe4 Na5 $16) 46... Na5 $2 (46... Rh8 {was called for.} 47. e5+ Ke7) 47. e5+ Ke7 (47... Kg7 $142 48. Bd7 Rh8) 48. f5 Rf8 49. f6+ Kf7 50. Rc1 Nb3 51. Rh1 Nd2+ 52. Kf4 Nxc4 53. Rh7+ Kg8 54. Rh2 {Accuracy: White = 58%, Black = 30%.} (54. Rg7+ $142 Kh8 55. Bf5 a5 56. Bg6 Nd6 57. Rd7 Nc8 58. Rh7+ Kg8 59. f7+ Rxf7+ 60. Rxf7) 1-0

[Event "AZE-ch Women 2019"]
[Site "Baku"]
[Date "2019.02.12"]
[Round "9.8"]
[White "Allahverdiyeva, Ayan"]
[Black "Jafarova, Aysel"]
[Result "1-0"]
[WhiteElo "2051"]
[BlackElo "1376"]
[Annotator "NA"]
[PlyCount "59"]
[EventDate "2019.02.04"]
[EventType "swiss"]
[EventCountry "AZE"]
[SourceTitle "playchess.com"]
[Source "ChessBase"]
[SourceQuality "1"]
[TimeControl "40/5400+30:1800+30"]

1. e4 {[%emt 0:01:13]} e6 {[%emt 0:00:00]} 2. d4 {[%emt 0:00:19]} d5 {[%emt 0:00:00]} 3. Nd2 {[%emt 0:00:04]} Nc6 {[%emt 0:00:00]} 4. Ngf3 {[%emt 0:01:24]} Nf6 {[%emt 0:00:00]} 5. Bd3 {[%emt 0:01:07]} Nb4 {[%emt 0:00:07]} 6. Qe2 {[%emt 0:01:56]} Nxd3+ {[%emt 0:00:23]} 7. Qxd3 {[%emt 0:00:15]} Be7 {[%emt 0:01:46]} 8. O-O {[%emt 0:01:18]} a5 {[%emt 0:01:19]} 9. Re1 {[%emt 0:09:36]} O-O {[%emt 0:01:12]} 10. Ne5 {[%emt 0:02:44]} Nd7 {[%emt 0:06:53]} 11. Ndf3 $11 {[%emt 0:17:01]} f6 {[%emt 0:05:18]} 12. Ng4 {[%emt 0:02:05]} b6 {[%emt 0:02:01]} 13. exd5 {[%emt 0:00:38]} exd5 {[%emt 0:00:50]} 14. Ne3 {[%emt 0:01:13]} Ba6 {[%emt 0:05:23]} 15. Qf5 {[%emt 0:00:51]} Re8 {[%emt 0:12:53]} 16. Nxd5 {[%emt 0:05:33]} Bd6 {[%emt 0:04:30]} 17. Rxe8+ {[%emt 0:00:20]} Qxe8 {[%emt 0:00:07]} 18. Bf4 {[%emt 0:00:10]} g6 {[%emt 0:08:48]} 19. Nxf6+ {[%emt 0:01:56]} Nxf6 {[%emt 0:00:07]} 20. Qxf6 {[%emt 0:00:06]} Be7 {[%emt 0:06:04]} 21. Qe5 {[%emt 0:02:25]} Bd6 {[%emt 0:00:45]} 22. Qd5+ {[%emt 0:00:15]} Kg7 {[%emt 0:05:13]} 23. Re1 {[%emt 0:05:31]} Qg8 {[%emt 0:03:12]} 24. Be5+ {[%emt 0:00:31]} Kh6 {[%emt 0:06:23]} 25. Qe4 {[%emt 0:01:10]} Bxe5 {[%emt 0:02:08]} 26. Qxe5 {[%emt 0:01:04]} g5 {[%emt 0:03:20]} 27. h4 {[%emt 0:02:39]} gxh4 {[%emt 0:04:56]} 28. Qf4+ {[%emt 0:00:07]} Kg6 {[%emt 0:01:06]} 29. Qg5+ {[%emt 0:00:06]} Kf7 {[%emt 0:01:00]} 30. Re7+ {[%emt 0:00:05]} 1-0